| 000 | 00958cab a2200241 4500 | ||
|---|---|---|---|
| 001 | ABS58804 | ||
| 008 | 090401t1998 xxu||||| |||| 00| 0 eng d | ||
| 035 | _a(Sirsi) u86232 | ||
| 041 | _aeng | ||
| 245 | _aBogdal v Kingston Upon Hull CC | ||
| 260 | _c1998 | ||
| 350 | _a0 | ||
| 490 |
_aRating Appeals _v[1998] 3 RA 44-52(5) |
||
| 520 | _aQBD 9 February 1998. B contended that the dwelling he lived in with his mother and another lady was a small residential care home as defined by the Registered Homes Act 1984, and should thus be subject to a 50% discount in council tax. The valuation tribunal found that it should be treated as a domestic dwelling. Appeal dismissed. | ||
| 650 | _aBOGDAL V KINGSTON UPON HULL CC | ||
| 650 | _aCOUNCIL TAX APPEALS | ||
| 650 | _aCOUNCIL TAX | ||
| 650 | _aREGISTERED HOMES ACT 1984 PART 1 | ||
| 650 | _aRESIDENTIAL CARE HOMES | ||
| 690 | _aRATING AND VALUATION-CASE LAW | ||
| 942 | _n0 | ||
| 948 | _c15/05/1998 | ||
| 999 |
_c54247 _d54247 |
||